| 000 | 00474nam a22001457a 4500 | ||
|---|---|---|---|
| 003 | 0 | ||
| 005 | 20221206095559.0 | ||
| 008 | 221206b xxu||||| |||| 00| 0 eng d | ||
| 050 |
_aQA76.5 _b.P47 2019 |
||
| 245 |
_aOnline booking system of chef's in the house _cPeter Gianfranco A. Pereyra |
||
| 260 |
_aLas Pinas City, Philippines _bSouthville International School and Colleges _cC2019 |
||
| 300 |
_a72pp. _c28cm. _fTheses |
||
| 500 | _aOnline booking system. | ||
| 942 |
_2lcc _cTH |
||
| 999 |
_c364912 _d364912 |
||